Lyrics to 'Pierre' by Ryn Weaver - Statistics

General Stats
  • This quiz has been taken 5 times
  • The average score is 246 of 362
Answer Stats
Answerlet % Correct
do
100%
for
100%
I
100%
I'll
100%
me
100%
on
100%
On
100%
Pierre
100%
the
100%
we
100%
when
100%
you
100%
You
100%
a
67%
about
67%
age
67%
ain't
67%
and
67%
And
67%
arms
67%
around
67%
ask
67%
awake
67%
bass
67%
be
67%
been
67%
believe
67%
bluff
67%
body
67%
but
67%
cal
67%
call
67%
came
67%
can't
67%
Cause
67%
could
67%
day
67%
days
67%
devil
67%
Doing
67%
Drank
67%
dreaming
67%
forgot
67%
found
67%
he
67%
He
67%
He's
67%
him
67%
his
67%
how
67%
I'm
67%
in
67%
In
67%
I've
67%
Keep
67%
keep
67%
kinda
67%
know
67%
let
67%
Lied
67%
lies
67%
lover
67%
met
67%
morning
67%
my
67%
name
67%
nights
67%
No
67%
one
67%
play
67%
quiet
67%
Says
67%
says
67%
shame
67%
shouldn't
67%
So
67%
so
67%
some
67%
somebody
67%
telling
67%
then
67%
things
67%
to
67%
up
67%
was
67%
who
67%
with
67%
Woke
67%
won't
67%
wouldn't
67%
Wraps
67%
your
67%
youth
67%
at
33%
bike
33%
blue
33%
broken
33%
car
33%
care
33%
come
33%
Count
33%
counting
33%
danced
33%
desert
33%
didn't
33%
down
33%
Drove
33%
English
33%
eyes
33%
fell
33%
Fourth
33%
fun
33%
had
33%
heart
33%
July
33%
made
33%
man
33%
may
33%
month
33%
motor
33%
ocean
33%
of
33%
once
33%
pop
33%
pouring
33%
rain
33%
rough
33%
said
33%
shop
33%
sky
33%
Spend
33%
Spoke
33%
Still
33%
still
33%
there
33%
they
33%
those
33%
til
33%
tire
33%
tops
33%
true
33%
vagabond
33%
No matching quizzes found
Score Distribution
Percent of People with Each Score
Percentile by Number Answered
Your Score History
You have not taken this quiz